[Event "Tata Steel India Blitz w"]
[Site "Kolkata IND"]
[Date "2024.11.16"]
[Round "4.4"]
[White "Dzagnidze, Nana"]
[Black "Vantika, Agrawal"]
[Result "0-1"]
[WhiteTitle "GM"]
[BlackTitle "IM"]
[WhiteElo "2518"]
[BlackElo "2392"]
[WhiteFideId "13601903"]
[BlackFideId "25050389"]
[EventDate "2024.11.16"]

1. d4 Nf6 2. c4 e6 3. Bg5 d5 4. Nc3 Bb4 5. e3 O-O 6. Qc2 h6 7. Bh4 Nbd7 8. a3
Be7 9. Nf3 c5 10. dxc5 dxc4 11. Bxc4 Bxc5 12. O-O a6 13. Rfd1 Qc7 14. Bg3 Qc6
15. Bd3 Be7 16. Rac1 b5 17. Nd4 Qb6 18. Ne4 Bb7 19. Nxf6+ Nxf6 20. Qc7 Bd8 21.
Qxb6 Bxb6 22. Bc7 Bxd4 23. exd4 Rac8 24. Ba5 Bd5 25. f3 Bb3 26. Re1 Nd5 27. Kf2
Nf4 28. Bf1 Bc4 29. Bd2 Nd5 30. g3 Bxf1 31. Kxf1 Rfd8 32. Ke2 f5 33. Ba5 Re8 34.
Kd3 Kf7 35. Bd2 Ke7 36. Ba5 Kd7 37. Bd2 h5 38. Ba5 g5 39. Bd2 g4 40. Ke2 Nb6 41.
b3 Nd5 42. Rf1 Rh8 43. Rh1 Rxc1 44. Rxc1 h4 45. fxg4 hxg3 46. hxg3 Rh2+ 47. Kd3
fxg4 48. Rf1 Rg2 49. Rf7+ Kc6 50. Be1 Rb2 51. b4 Rb3+ 52. Ke2 Rxa3 53. Rg7 Ra2+
54. Kd3 Ra3+ 55. Ke2 Re3+ 56. Kf2 Re4 57. Rg6 Kd6 58. Rg8 Rxd4 59. Ra8 Nxb4 60.
Bc3 Rc4 61. Bd2 Kd5 62. Bf4 Rc2+ 63. Ke3 Rc3+ 64. Kd2 Rc4 65. Rd8+ Ke4 66. Re8
Rc6 67. Rg8 e5 68. Bg5 Rd6+ 69. Ke2 Nc2 70. Be7 Nd4+ 71. Ke1 Rd7 72. Bc5 Kf3 0-1

[Event "Tata Steel India Blitz w"]
[Site "Kolkata IND"]
[Date "2024.11.16"]
[Round "4.5"]
[White "Koneru, Humpy"]
[Black "Divya, Deshmukh"]
[Result "1-0"]
[WhiteTitle "GM"]
[BlackTitle "IM"]
[WhiteElo "2530"]
[BlackElo "2493"]
[WhiteFideId "5008123"]
[BlackFideId "35006916"]
[EventDate "2024.11.16"]

1. d4 Nf6 2. c4 e6 3. Nf3 d5 4. Nc3 Nbd7 5. Bg5 h6 6. Bh4 Bb4 7. e3 g5 8. Bg3
Ne4 9. Qc2 h5 10. cxd5 exd5 11. Bd3 Ndf6 12. Be5 O-O 13. h4 g4 14. Ng5 Bf5 15.
O-O-O Bxc3 16. bxc3 Qe7 17. Kb2 Bg6 18. f3 Nd7 19. fxe4 f6 20. exd5 Bxd3 21.
Qxd3 fxe5 22. Qg6+ Qg7 23. Qxg7+ Kxg7 24. Ne6+ Kg6 25. Nxf8+ Rxf8 26. Rhf1 Re8
27. Kc2 Nf6 28. c4 exd4 29. exd4 Re3 30. Rd3 Re2+ 31. Rd2 Re3 32. Rdf2 Ne4 33.
Rf8 Rc3+ 34. Kb2 Rxc4 35. Rg8+ Kh7 36. Re8 Nd6 37. Re7+ Kg6 38. Re6+ Kg7 39. Rf4
a5 40. a3 a4 41. Re5 Kg6 42. Rg5+ Kh7 43. Rxh5+ Kg6 44. Rg5+ Kh6 45. Rf6+ Kh7
46. Rxg4 Nb5 47. h5 Nxd4 48. Rff4 Rc2+ 49. Kb1 Rc3 50. Rxd4 Rxa3 51. Rc4 Rb3+
52. Ka2 b5 53. Rb4 Re3 54. Rxb5 Kh6 55. Rxa4 Re2+ 56. Rb2 Re5 57. g4 Rxd5 58.
Rc4 Ra5+ 59. Kb1 c5 60. Rbc2 Ra3 61. Rxc5 Rg3 62. Rc6+ Kg5 63. Rg6+ Kf4 1-0

[Event "Tata Steel India Blitz w"]
[Site "Kolkata IND"]
[Date "2024.11.16"]
[Round "5.1"]
[White "Lagno, Kateryna"]
[Black "Dzagnidze, Nana"]
[Result "1-0"]
[WhiteTitle "GM"]
[BlackTitle "GM"]
[WhiteElo "2527"]
[BlackElo "2518"]
[WhiteFideId "14109336"]
[BlackFideId "13601903"]
[EventDate "2024.11.16"]

1. e4 c6 2. d4 d5 3. e5 c5 4. Nf3 cxd4 5. Nxd4 Nc6 6. Nxc6 bxc6 7. Bd3 e6 8. O-O
a5 9. Nd2 Ba6 10. Bxa6 Rxa6 11. c4 Ne7 12. Nf3 Ng6 13. Be3 Be7 14. h4 Nxh4 15.
Nxh4 Bxh4 16. cxd5 cxd5 17. Qa4+ Kf8 18. b4 Be7 19. b5 Ra8 20. b6 Qe8 21. b7 Rb8
22. Qb3 Qd7 23. Rab1 d4 24. Rfd1 Bc5 25. Qc4 Qd5 26. Qxd5 exd5 27. Bxd4 Bxd4 28.
Rxd4 Ke7 29. Rxd5 Rhd8 30. Rxa5 Rd2 31. Ra8 Rdd8 32. Rxb8 Rxb8 33. a4 Kd7 34. a5 1-0

[Event "Tata Steel India Blitz w"]
[Site "Kolkata IND"]
[Date "2024.11.16"]
[Round "5.2"]
[White "Vantika, Agrawal"]
[Black "Koneru, Humpy"]
[Result "1-0"]
[WhiteTitle "IM"]
[BlackTitle "GM"]
[WhiteElo "2392"]
[BlackElo "2530"]
[WhiteFideId "25050389"]
[BlackFideId "5008123"]
[EventDate "2024.11.16"]

1. d4 Nf6 2. c4 e6 3. Nf3 Bb4+ 4. Bd2 a5 5. g3 b6 6. Bg2 Bb7 7. O-O O-O 8. Bg5
Be7 9. Bxf6 Bxf6 10. Nc3 d5 11. cxd5 exd5 12. Rc1 Nd7 13. Ne1 c6 14. e3 Be7 15.
Nd3 Bd6 16. e4 dxe4 17. Nxe4 Bc7 18. Qc2 Rc8 19. Rfd1 Nf6 20. Ne5 Bb8 21. Nxf6+
gxf6 22. Ng4 Re8 23. Qf5 Re6 24. Be4 Qd6 25. Qxh7+ Kf8 26. Nh6 Qd7 27. Nf5 1-0

[Event "Tata Steel India Blitz w"]
[Site "Kolkata IND"]
[Date "2024.11.16"]
[Round "5.3"]
[White "Dronavalli, Harika"]
[Black "Goryachkina, Aleksandra"]
[Result "1/2-1/2"]
[WhiteTitle "GM"]
[BlackTitle "GM"]
[WhiteElo "2493"]
[BlackElo "2528"]
[WhiteFideId "5015197"]
[BlackFideId "4147103"]
[EventDate "2024.11.16"]

1. Nf3 d5 2. e3 Nf6 3. c4 e6 4. Nc3 Bd6 5. b3 O-O 6. Bb2 b6 7. Rc1 a6 8. cxd5
exd5 9. g3 c5 10. Bg2 Ra7 11. O-O Be6 12. Ne2 Nbd7 13. Re1 Re8 14. d4 Nf8 15.
Nf4 Rd7 16. Ne5 Rc7 17. Qe2 Qc8 18. Nxe6 Nxe6 19. dxc5 Nxc5 20. Nd3 Nce4 21.
Rxc7 Qxc7 22. Rc1 Qe7 23. Nf4 b5 24. Bxf6 Nxf6 25. Nxd5 Nxd5 26. Bxd5 Rd8 27.
Qf3 a5 28. Rc6 Be5 29. Kg2 g6 30. h4 Kg7 31. e4 Rd6 32. Rxd6 Bxd6 33. Qc3+ Be5
34. Qxa5 b4 35. Qb5 Bc3 36. Qc4 Qf6 37. Qd3 h5 38. Qe2 Bd4 39. Qf3 Qxf3+ 40.
Kxf3 Bb2 41. Ke2 Ba3 42. f4 Kf6 43. Kd3 Ke7 44. Kc4 f6 45. Bg8 Kf8 46. Bd5 Ke7
47. Bc6 Kf7 48. Kb5 Ke7 49. Bd5 Ke8 50. Bc4 Ke7 51. Bd3 Ke6 52. f5+ gxf5 53.
exf5+ Ke5 54. Be2 Kxf5 55. Bxh5 Ke5 56. Be2 f5 57. Kc4 Ke6 58. Kc5 Ke5 59. Bf3
Ke6 60. Bg2 Ke5 61. Bf3 Ke6 62. Bd1 Ke5 63. Be2 Ke6 64. Kc4 Ke5 65. Bf3 Ke6 66.
Bd1 Ke5 67. Be2 Ke6 68. Bh5 Ke5 69. Bf7 Kf6 70. Bg8 Ke5 71. Bf7 Kf6 72. Bd5 Ke5
73. Bg2 Ke6 74. Bh3 Ke5 75. h5 Kf6 76. Kc5 Kg5 77. Kc4 Kxh5 78. Bxf5 Kg5 79. g4
Kf6 80. Bc8 Kg5 81. Kd3 Kf6 82. Bd7 Kg5 83. Bc8 Kf6 84. Bb7 Kg5 85. Bf3 Kf6 86.
Bd1 Kg5 87. Be2 Kf4 88. Kc4 Kg5 89. Kd5 Bb2 90. Bd1 Ba3 91. Ke6 Bb2 92. Kd5 Ba3
93. Kc4 Kf4 94. Be2 Kg5 95. Kd5 Kf4 96. Ke6 Kg5 97. Ke5 Bb2+ 98. Ke4 Ba3 99. Kf3
Bb2 100. Bc4 Ba3 101. Bd5 Kf6 102. Bg8 Kg5 103. Kg3 Bc1 104. a4 bxa3 105. b4 Be3
106. Kf3 Bb6 107. Be6 Ba7 108. b5 Bb6 109. Ke4 a2 110. Bxa2 Kxg4 111. Kd5 Bf2
112. Kc6 Kf4 113. b6 Bxb6 114. Kxb6 1/2-1/2

[Event "Tata Steel India Blitz w"]
[Site "Kolkata IND"]
[Date "2024.11.16"]
[Round "5.4"]
[White "Gunina, Valentina"]
[Black "Kosteniuk, Alexandra"]
[Result "0-1"]
[WhiteTitle "GM"]
[BlackTitle "GM"]
[WhiteElo "2425"]
[BlackElo "2487"]
[WhiteFideId "4167570"]
[BlackFideId "4128125"]
[EventDate "2024.11.16"]

1. d4 Nf6 2. c4 e6 3. Nf3 d5 4. Nc3 Bb4 5. Bg5 h6 6. Bxf6 Qxf6 7. Qa4+ Nc6 8. e3
O-O 9. Be2 Bxc3+ 10. bxc3 Bd7 11. Qc2 dxc4 12. Bxc4 Na5 13. Bd3 Rfd8 14. O-O c5
15. Qb2 Rac8 16. Ne5 Be8 17. f4 b6 18. Rae1 Nc6 19. Rf3 Qe7 20. Bb1 f5 21. Qf2
Nxe5 22. fxe5 cxd4 23. exd4 Bc6 24. Rg3 Bd5 25. h4 Kh8 26. Qf4 Qf7 27. a3 Rc7
28. Bc2 Rdc8 29. Ree3 Qh5 30. Rh3 Rf8 31. Kh2 Qg4 32. Qf2 f4 33. Re1 Rcf7 34. h5
f3 35. g3 Rc7 36. Rh4 Qg5 37. Re3 Rcf7 38. Bd3 a5 39. c4 Bc6 40. Bc2 Rd7 41. Bd3
Rfd8 42. d5 exd5 43. e6 Re7 44. cxd5 Bxd5 45. Bb1 Rxe6 46. Qc2 g6 47. Qc3+ Kg8
48. Rxe6 Bxe6 49. Rd4 Qxh5+ 50. Kg1 Rxd4 51. Qxd4 Qc5 52. Qxc5 bxc5 53. Bxg6 Bd5
54. Kf2 c4 55. Bc2 Kg7 56. Bd1 c3 57. Bc2 a4 58. Bxa4 Be4 59. Ke3 c2 60. Bxc2
Bxc2 61. Kxf3 Ba4 62. Kf4 Kg6 63. g4 Bc6 64. Kg3 Kg5 65. Kh3 Bd7 66. Kg3 Bxg4
67. a4 0-1

[Event "Tata Steel India Blitz w"]
[Site "Kolkata IND"]
[Date "2024.11.16"]
[Round "5.5"]
[White "Divya, Deshmukh"]
[Black "Vaishali, Rameshbabu"]
[Result "0-1"]
[WhiteTitle "IM"]
[BlackTitle "GM"]
[WhiteElo "2493"]
[BlackElo "2490"]
[WhiteFideId "35006916"]
[BlackFideId "5091756"]
[EventDate "2024.11.16"]

1. e4 e5 2. Nf3 Nc6 3. d4 exd4 4. Nxd4 Nf6 5. Nxc6 bxc6 6. Nd2 Bc5 7. e5 Qe7 8.
Qe2 Nd5 9. Nb3 O-O 10. Nxc5 Qxc5 11. c4 Nb6 12. b3 d5 13. Qe3 Qe7 14. Bd3 dxc4
15. bxc4 Nxc4 16. Qe4 Qxe5 17. O-O Qxe4 18. Bxe4 Be6 19. Bxc6 Rab8 20. Bf4 Rb6
21. Bf3 c5 22. Rfc1 Rc8 23. Rc3 Nb2 24. Be3 Na4 25. Ra3 Rb4 26. Bd1 Nb2 27. Rxa7
c4 28. Bc2 c3 29. h3 Nc4 30. Bc1 g6 31. Bh6 Nd6 32. Rd1 Bf5 33. Bb3 Rxb3 34.
axb3 Nb5 35. Rb7 c2 36. Re1 Nd4 37. Rbe7 Be6 38. b4 Nb3 39. Bc1 Kf8 40. Ra7 Rd8
41. Ra3 Rd1 42. Kf1 Nxc1 43. Rc3 Nd3 44. Rxd3 Rxe1+ 0-1

[Event "Tata Steel India Blitz w"]
[Site "Kolkata IND"]
[Date "2024.11.16"]
[Round "6.1"]
[White "Kosteniuk, Alexandra"]
[Black "Divya, Deshmukh"]
[Result "0-1"]
[WhiteTitle "GM"]
[BlackTitle "IM"]
[WhiteElo "2487"]
[BlackElo "2493"]
[WhiteFideId "4128125"]
[BlackFideId "35006916"]
[EventDate "2024.11.16"]

1. e4 e6 2. d4 d5 3. exd5 exd5 4. Nf3 Nf6 5. Bd3 Bd6 6. O-O O-O 7. Bg5 Bg4 8.
Nbd2 Nbd7 9. c4 c6 10. c5 Bc7 11. Qc2 h6 12. Bh4 Bf4 13. b4 b6 14. a4 bxc5 15.
bxc5 Rb8 16. a5 Re8 17. a6 Qc7 18. Bg3 Nh5 19. Bh7+ Kh8 20. Bf5 Bxf5 21. Qxf5
Ndf6 22. Rfb1 g6 23. Qd3 Ne4 24. Nf1 Nhf6 25. Ne5 Nxg3 26. hxg3 Bxe5 27. dxe5
Qxe5 28. Rxb8 Rxb8 29. Rb1 Ne4 30. Rxb8+ Qxb8 31. Qd4+ Kg8 32. Qe3 Qb5 33. f3
Nxc5 34. Qe8+ Kg7 35. Qe5+ Kg8 36. Qe8+ Kg7 37. Qe5+ Kf8 38. Qh8+ Ke7 39. Qxh6
Qxa6 40. Qh4+ Ke8 41. Qh8+ Ke7 42. Qh4+ Ke8 43. Qh8+ Kd7 44. Qf6 Kc7 45. Qxf7+
Nd7 46. Qxg6 Qe2 47. Qf7 a5 48. g4 a4 49. Qf4+ Ne5 50. Qxa4 Nd3 51. Qa7+ Kd6 52.
g5 c5 53. Qb8+ Kc6 54. Qg3 Qe6 55. g6 Nc1 56. Qg4 Qe1 57. g7 Ne2+ 58. Kh2 Qxf1
59. Qe6+ Kb5 60. Qxe2+ Qxe2 61. g8=Q d4 62. Qb3+ Kc6 63. Qa4+ Kd6 64. Qa8 d3 65.
Qd8+ Ke5 66. Qe7+ Kd4 67. Qd6+ Kc4 68. Qa6+ Kc3 69. Qa5+ Kd4 70. Qd8+ Kc4 71.
Qg8+ Kc3 72. Qg7+ Kc2 73. Qc7 Qe3 74. Qh7 Kc1 75. Qa7 Qe5+ 76. Kh3 d2 77. Qa3+
Kc2 78. Qa4+ Kd3 79. Qb5+ Ke3 80. Qf1 Qh5+ 81. Kg3 Qg6+ 82. Kh4 Qd3 83. Qg1+ Ke2
84. Qxc5 Qh7+ 85. Kg3 Qg6+ 86. Kh2 d1=Q 87. Qe5+ Kf1 88. Qb5+ Qgd3 89. Qh5 Qd6+
90. Kh1 Kf2# 0-1

[Event "Tata Steel India Blitz w"]
[Site "Kolkata IND"]
[Date "2024.11.16"]
[Round "6.2"]
[White "Koneru, Humpy"]
[Black "Vaishali, Rameshbabu"]
[Result "1-0"]
[WhiteTitle "GM"]
[BlackTitle "GM"]
[WhiteElo "2530"]
[BlackElo "2490"]
[WhiteFideId "5008123"]
[BlackFideId "5091756"]
[EventDate "2024.11.16"]

1. d4 Nf6 2. c4 e6 3. Nf3 Bb4+ 4. Nbd2 O-O 5. a3 Be7 6. e3 b6 7. Bd3 Bb7 8. O-O
c5 9. b3 d5 10. Bb2 Nbd7 11. cxd5 exd5 12. Rc1 Ne4 13. Qe2 cxd4 14. Nxd4 Ndc5
15. Rfd1 Nxd3 16. Qxd3 Nc5 17. Qb1 Bf6 18. b4 Ne6 19. N2f3 Rc8 20. Rxc8 Qxc8 21.
Nf5 Qd8 22. h3 Ba8 23. e4 Bxb2 24. Qxb2 f6 25. exd5 Nf4 26. d6 Bxf3 27. Qb3+ Bd5
28. Rxd5 Nxd5 29. Qxd5+ Kh8 30. d7 g6 31. Nd4 Qc7 32. Ne6 Qc1+ 33. Kh2 Rd8 34.
Nxd8 Qf4+ 35. Kg1 Qc1+ 36. Kh2 Qf4+ 37. g3 Qxf2+ 38. Qg2 1-0

[Event "Tata Steel India Blitz w"]
[Site "Kolkata IND"]
[Date "2024.11.16"]
[Round "6.3"]
[White "Goryachkina, Aleksandra"]
[Black "Gunina, Valentina"]
[Result "0-1"]
[WhiteTitle "GM"]
[BlackTitle "GM"]
[WhiteElo "2528"]
[BlackElo "2425"]
[WhiteFideId "4147103"]
[BlackFideId "4167570"]
[EventDate "2024.11.16"]

1. e4 c5 2. Nf3 Nc6 3. Bb5 e6 4. O-O Nge7 5. Re1 Nd4 6. Nxd4 cxd4 7. c3 a6 8.
Bf1 Nc6 9. b4 Bd6 10. Bb2 dxc3 11. dxc3 Qc7 12. h3 O-O 13. Nd2 b6 14. Nc4 Be7
15. a4 Bb7 16. b5 axb5 17. axb5 Na5 18. Nxa5 Rxa5 19. c4 Rxa1 20. Bxa1 f5 21. e5
f4 22. Bd4 Bb4 23. Re2 f3 24. Re3 fxg2 25. Bxg2 Bxg2 26. Kxg2 Qxc4 27. Qd3 Qd5+
28. f3 Ba5 29. Bc3 Qa2+ 30. Kg3 Bxc3 31. Qxc3 Qb1 32. Re1 Qxb5 33. Qd4 Qc6 34.
Re3 Qc1 35. Rd3 Qe1+ 36. Kg2 Rf5 37. h4 Rxe5 0-1

[Event "Tata Steel India Blitz w"]
[Site "Kolkata IND"]
[Date "2024.11.16"]
[Round "6.4"]
[White "Dzagnidze, Nana"]
[Black "Dronavalli, Harika"]
[Result "1-0"]
[WhiteTitle "GM"]
[BlackTitle "GM"]
[WhiteElo "2518"]
[BlackElo "2493"]
[WhiteFideId "13601903"]
[BlackFideId "5015197"]
[EventDate "2024.11.16"]

1. d4 d5 2. c4 e6 3. Nc3 c6 4. Nf3 dxc4 5. e3 b5 6. a4 Bb4 7. Bd2 Nf6 8. b3 Bxc3
9. Bxc3 Nd5 10. Qd2 cxb3 11. axb5 O-O 12. Ba5 Nb6 13. Rb1 cxb5 14. Bxb5 Bb7 15.
Rxb3 Nc6 16. Be2 Nxa5 17. Qxa5 Bd5 18. Rb5 Bc6 19. Rc5 Bd5 20. O-O Nd7 21. Qxd8
Rfxd8 22. Ra5 Rdc8 23. Rfa1 Rc7 24. Ne1 Kf8 25. f3 f5 26. Kf2 Ke7 27. Nd3 g5 28.
h4 h6 29. hxg5 hxg5 30. Nb4 Nf6 31. Na6 Rc2 32. Nc5 a6 33. Ke1 g4 34. Kd1 Rb2
35. Rxa6 Rxa6 36. Rxa6 gxf3 37. gxf3 Rb1+ 38. Kd2 Rb2+ 39. Ke1 Rb1+ 40. Kf2 Rb2
41. Ra7+ Kd8 42. Nd3 Rd2 43. Nf4 Bc4 44. Ke1 Rc2 45. Bxc4 Rxc4 46. Nxe6+ Kc8 47.
Ra5 Kd7 48. Nc5+ Ke7 49. Nd3 Rc2 50. Rxf5 Rh2 51. Nf4 Nd7 52. Kf1 Nb6 53. Rc5
Na4 54. Rc7+ Kd8 55. Rc4 Nb2 56. Rc5 Nd1 57. Ng2 Ke7 58. Kg1 Rh8 59. Rc2 Rb8 60.
Kf1 Rb1 61. Ke2 Nb2 62. Nf4 Na4 63. e4 Rb3 64. e5 Nc3+ 65. Kf2 Nd1+ 66. Kg3 Ne3
67. Rc7+ Ke8 68. Kf2 Nf5 69. d5 Rb2+ 70. Ke1 Ne3 71. d6 Nc2+ 72. Kd2 Na3+ 73.
Ke3 Rb3+ 74. Ke4 Nb5 75. Re7+ Kf8 76. Ne6+ Kg8 77. d7 1-0

[Event "Tata Steel India Blitz w"]
[Site "Kolkata IND"]
[Date "2024.11.16"]
[Round "6.5"]
[White "Vantika, Agrawal"]
[Black "Lagno, Kateryna"]
[Result "1/2-1/2"]
[WhiteTitle "IM"]
[BlackTitle "GM"]
[WhiteElo "2392"]
[BlackElo "2527"]
[WhiteFideId "25050389"]
[BlackFideId "14109336"]
[EventDate "2024.11.16"]

1. d4 Nf6 2. c4 e6 3. Nf3 d5 4. g3 Be7 5. Bg2 O-O 6. O-O dxc4 7. Qc2 a6 8. a4
Nc6 9. Qxc4 Na5 10. Qc2 Nc6 11. Rd1 Nb4 12. Qb3 Qd5 13. Nbd2 Qxb3 14. Nxb3 Nc2
15. Ra2 Nb4 16. Ra1 Nc2 17. Ra2 Nb4 18. Ra1 1/2-1/2

[Event "Tata Steel India Blitz w"]
[Site "Kolkata IND"]
[Date "2024.11.16"]
[Round "7.1"]
[White "Dronavalli, Harika"]
[Black "Vantika, Agrawal"]
[Result "1/2-1/2"]
[WhiteTitle "GM"]
[BlackTitle "IM"]
[WhiteElo "2493"]
[BlackElo "2392"]
[WhiteFideId "5015197"]
[BlackFideId "25050389"]
[EventDate "2024.11.16"]

1. Nf3 Nf6 2. d4 d5 3. e3 e6 4. b3 b6 5. Bb2 Bb7 6. Bd3 Be7 7. Nbd2 Nbd7 8. O-O
O-O 9. Qe2 Ne4 10. Ba6 Bxa6 11. Qxa6 Nxd2 12. Nxd2 c5 13. e4 cxd4 14. exd5 Nc5
15. Qc4 exd5 16. Qb5 a6 17. Qe2 Bf6 18. Qf3 Rc8 19. Rad1 Ne6 20. Qd3 b5 21. Nf3
Qc7 22. Bxd4 Nxd4 23. Nxd4 Bxd4 24. Qxd4 Qxc2 25. Rd2 Qc5 26. Qxd5 Qxd5 27. Rxd5
Rfd8 1/2-1/2

[Event "Tata Steel India Blitz w"]
[Site "Kolkata IND"]
[Date "2024.11.16"]
[Round "7.2"]
[White "Gunina, Valentina"]
[Black "Dzagnidze, Nana"]
[Result "1-0"]
[WhiteTitle "GM"]
[BlackTitle "GM"]
[WhiteElo "2425"]
[BlackElo "2518"]
[WhiteFideId "4167570"]
[BlackFideId "13601903"]
[EventDate "2024.11.16"]

1. d4 Nf6 2. c4 e6 3. Nf3 d5 4. Nc3 Nbd7 5. Bf4 Bb4 6. a3 Bxc3+ 7. bxc3 c5 8. e3
Qa5 9. Qc2 Ne4 10. Rc1 Qxa3 11. Bd3 O-O 12. O-O Ndf6 13. Ng5 cxd4 14. cxd4 Bd7
15. Nxe4 dxe4 16. Bxe4 Nxe4 17. Qxe4 Bc6 18. d5 exd5 19. cxd5 Rfe8 20. Qd4 Bb5
21. Rfd1 Rac8 22. Ra1 Qc3 23. Qxc3 Rxc3 24. Rxa7 Ba6 25. h3 f6 26. e4 g5 27. Be3
Rd8 1-0

[Event "Tata Steel India Blitz w"]
[Site "Kolkata IND"]
[Date "2024.11.16"]
[Round "7.3"]
[White "Lagno, Kateryna"]
[Black "Koneru, Humpy"]
[Result "1/2-1/2"]
[WhiteTitle "GM"]
[BlackTitle "GM"]
[WhiteElo "2527"]
[BlackElo "2530"]
[WhiteFideId "14109336"]
[BlackFideId "5008123"]
[EventDate "2024.11.16"]

1. e4 e5 2. Nf3 Nc6 3. Bb5 a6 4. Ba4 Bc5 5. O-O d6 6. c3 Bg4 7. h3 Bh5 8. d4
Bxf3 9. Qxf3 exd4 10. cxd4 Bxd4 11. Bxc6+ bxc6 12. e5 Ne7 13. exd6 cxd6 14. Nc3
O-O 15. Bg5 f6 16. Bf4 d5 17. Rad1 Be5 18. Na4 Qd6 19. Be3 d4 20. Bd2 c5 21. Qd3
Qc6 22. Qc4+ Kh8 23. Nxc5 Rfc8 24. b4 a5 25. a3 axb4 26. axb4 Nd5 27. f4 Bd6 28.
Rc1 Ne3 29. Bxe3 dxe3 30. Qe2 Bxc5 31. Rxc5 Qe4 32. Re1 Qxb4 33. Rxc8+ Rxc8 34.
Qxe3 1/2-1/2

[Event "Tata Steel India Blitz w"]
[Site "Kolkata IND"]
[Date "2024.11.16"]
[Round "7.4"]
[White "Divya, Deshmukh"]
[Black "Goryachkina, Aleksandra"]
[Result "1/2-1/2"]
[WhiteTitle "IM"]
[BlackTitle "GM"]
[WhiteElo "2493"]
[BlackElo "2528"]
[WhiteFideId "35006916"]
[BlackFideId "4147103"]
[EventDate "2024.11.16"]

1. c4 e6 2. g3 d5 3. Bg2 Nf6 4. Nf3 d4 5. O-O Nc6 6. d3 Bc5 7. Nbd2 O-O 8. Nb3
Be7 9. e3 dxe3 10. Bxe3 Ng4 11. d4 Nxe3 12. fxe3 e5 13. d5 e4 14. dxc6 exf3 15.
Bxf3 bxc6 16. Bxc6 Rb8 17. Qxd8 Rxd8 18. Rad1 Bh3 19. Bg2 Be6 20. Bd5 Rd6 21. e4
Bf6 22. Bxe6 fxe6 23. Rxd6 cxd6 24. Rd1 Rb6 25. Rd2 Kf7 26. Kf2 Ke7 27. Ke2 Ra6
28. Nc1 Bg5 29. Rc2 Bxc1 30. Rxc1 Rxa2 31. Rc2 Kd7 32. Kd3 Kc6 33. Rf2 a5 34.
Kc3 a4 35. Rf7 a3 36. bxa3 Rxa3+ 37. Kb4 Ra2 38. h4 Re2 39. Rxg7 Rxe4 40. Rxh7
d5 41. Rg7 Rxc4+ 42. Kb3 Rc1 43. h5 d4 44. h6 e5 45. h7 Rh1 46. g4 e4 47. g5 e3
48. Kc4 e2 49. Re7 Rxh7 50. Re6+ Kd7 51. Rxe2 Rg7 52. Re5 1/2-1/2

[Event "Tata Steel India Blitz w"]
[Site "Kolkata IND"]
[Date "2024.11.16"]
[Round "7.5"]
[White "Vaishali, Rameshbabu"]
[Black "Kosteniuk, Alexandra"]
[Result "1-0"]
[WhiteTitle "GM"]
[BlackTitle "GM"]
[WhiteElo "2490"]
[BlackElo "2487"]
[WhiteFideId "5091756"]
[BlackFideId "4128125"]
[EventDate "2024.11.16"]

1. e4 c6 2. d4 d5 3. e5 c5 4. Nf3 Nc6 5. dxc5 Bg4 6. c3 Bxf3 7. Qxf3 e6 8. b4
Qb8 9. Bf4 Nge7 10. Bb5 Ng6 11. O-O Be7 12. Nd2 Nxf4 13. Qxf4 O-O 14. Bxc6 bxc6
15. Nf3 a5 16. a3 Qc7 17. Rfe1 Ra7 18. c4 axb4 19. axb4 Rb7 20. cxd5 cxd5 21.
Rad1 Rfb8 22. Rd4 h6 23. h4 Rb5 24. Ra1 Qb7 25. Ra4 Ra8 26. Rxa8+ Qxa8 27. Qd2
Bd8 28. Rg4 Kf8 29. Nd4 Rb7 30. b5 Bc7 31. Qf4 Qe8 32. b6 Bb8 33. Rg3 f6 34. Nf3
Rf7 35. Qd4 Qb5 36. Rg4 f5 37. Rg6 Re7 38. g3 Kf7 39. h5 Qb1+ 40. Kg2 Qc2 41.
Qb4 Re8 42. Qb5 Re7 43. c6 Qe4 44. c7 Bxc7 45. bxc7 Rxc7 46. Qb6 Re7 47. Qd6 f4
48. Rg4 Ke8 49. Rxf4 1-0

[Event "Tata Steel India Blitz w"]
[Site "Kolkata IND"]
[Date "2024.11.16"]
[Round "8.1"]
[White "Koneru, Humpy"]
[Black "Kosteniuk, Alexandra"]
[Result "1/2-1/2"]
[WhiteTitle "GM"]
[BlackTitle "GM"]
[WhiteElo "2530"]
[BlackElo "2487"]
[WhiteFideId "5008123"]
[BlackFideId "4128125"]
[EventDate "2024.11.16"]

1. d4 Nf6 2. c4 e6 3. Nf3 d5 4. Nc3 dxc4 5. e4 b5 6. e5 Nd5 7. Nxb5 Nb6 8. Be2
Be7 9. Be3 Nc6 10. a3 Na5 11. Qc2 Qd7 12. Nc3 Bb7 13. Rd1 f5 14. exf6 gxf6 15.
O-O O-O-O 16. Nd2 Rhg8 17. g3 f5 18. Bf3 h5 19. Bxb7+ Kxb7 20. b4 cxb3 21. Nxb3
Nxb3 22. Qxb3 h4 23. d5 hxg3 24. fxg3 exd5 25. Nxd5 Qe6 26. Rfe1 Rxd5 27. Bxb6
Qxb6+ 28. Qxb6+ axb6 29. Rxd5 Bc5+ 30. Kg2 f4 31. Re4 fxg3 32. hxg3 Bxa3 33. g4
c5 34. g5 Bc1 35. Rg4 Rg6 36. Rf5 Ka6 37. Kg3 Be3 38. Kh4 Ka5 39. Rg3 Bd4 40.
Kh5 Rg8 41. g6 b5 42. Rf7 b4 43. g7 Kb5 44. Kh6 Kc4 45. Kh7 Rxg7+ 46. Rgxg7 Bxg7
47. Kxg7 b3 48. Kf6 Kd4 49. Rd7+ Ke4 50. Re7+ Kd3 51. Ke5 c4 52. Rd7+ Kc2 53.
Kd4 b2 54. Rb7 c3 55. Kc4 b1=Q 56. Rxb1 Kxb1 57. Kxc3 1/2-1/2

[Event "Tata Steel India Blitz w"]
[Site "Kolkata IND"]
[Date "2024.11.16"]
[Round "8.2"]
[White "Goryachkina, Aleksandra"]
[Black "Vaishali, Rameshbabu"]
[Result "1/2-1/2"]
[WhiteTitle "GM"]
[BlackTitle "GM"]
[WhiteElo "2528"]
[BlackElo "2490"]
[WhiteFideId "4147103"]
[BlackFideId "5091756"]
[EventDate "2024.11.16"]

1. e4 e5 2. Nf3 Nc6 3. Bb5 a6 4. Ba4 d6 5. O-O Bd7 6. c4 g6 7. Bxc6 Bxc6 8. Nc3
Bg7 9. d4 exd4 10. Nxd4 Nf6 11. f3 O-O 12. Be3 Nd7 13. Qd2 Ne5 14. b3 Bd7 15.
Bh6 f5 16. Bxg7 Kxg7 17. exf5 Bxf5 18. f4 Ng4 19. Rae1 Qd7 20. Nd5 Rae8 21. h3
Nf6 22. Nxf6 Rxf6 23. Rxe8 Qxe8 24. Re1 Qd8 25. Nxf5+ Rxf5 26. Qd4+ Kg8 27. Qe4
c6 28. Qe6+ Kg7 29. Rd1 d5 30. cxd5 Rxd5 31. Rxd5 cxd5 32. Qe5+ Kf7 33. Qd4 Qd6
34. Kf2 Qc6 35. Kf3 Ke6 36. Qe5+ Kf7 37. Qd4 Qe6 38. g4 Qc6 39. Kg3 Qe6 40. Kf2
Qd6 41. Ke2 Qc6 42. Kd2 Qd6 43. Ke3 Qe6+ 44. Kd2 Qc6 45. Qe5 Qc5 46. f5 Qf2+ 47.
Kc1 Qf1+ 48. Kb2 Qg2+ 49. Ka3 gxf5 50. gxf5 Qe4 51. Qc7+ Kf6 52. Qxb7 Qxf5 53.
Qxa6+ Kg5 54. Qd6 Qe4 55. b4 d4 56. b5 d3 57. b6 Kh4 58. b7 Qxb7 59. Qxd3 Qe7+
60. Kb2 Qe5+ 61. Qc3 Qb5+ 62. Kc1 h5 63. a3 Qf1+ 64. Kb2 Qb5+ 65. Qb4+ Qxb4+ 66.
axb4 Kxh3 67. b5 Kg2 68. b6 h4 69. b7 h3 70. b8=Q h2 71. Qxh2+ Kxh2 1/2-1/2

[Event "Tata Steel India Blitz w"]
[Site "Kolkata IND"]
[Date "2024.11.16"]
[Round "8.3"]
[White "Dzagnidze, Nana"]
[Black "Divya, Deshmukh"]
[Result "0-1"]
[WhiteTitle "GM"]
[BlackTitle "IM"]
[WhiteElo "2518"]
[BlackElo "2493"]
[WhiteFideId "13601903"]
[BlackFideId "35006916"]
[EventDate "2024.11.16"]

1. d4 Nf6 2. c4 e6 3. Nc3 Bb4 4. Bd2 O-O 5. Nf3 b6 6. g3 Bb7 7. Bg2 c5 8. dxc5
Bxc5 9. O-O Nc6 10. a3 a5 11. Bf4 Qe7 12. e4 d6 13. Qe2 h6 14. Nb5 Rfd8 15. Rad1
e5 16. Bc1 Ba6 17. a4 Bxb5 18. axb5 Nd4 19. Nxd4 Bxd4 20. Be3 Bxe3 21. Qxe3 Nd7
22. Rd5 Nc5 23. Rfd1 a4 24. f4 f6 25. Qd2 Nb3 26. Qb4 Nd4 27. R1xd4 exd4 28.
Rxd4 Qc7 29. Bh3 Qc5 30. Qd2 a3 31. bxa3 Rxa3 32. Be6+ Kh8 33. Kg2 Rda8 34. Kh3
Qh5+ 35. Kg2 Ra2 0-1